| 000 | 00678nam a22001697a 4500 | ||
|---|---|---|---|
| 999 |
_c60892 _d60892 |
||
| 005 | 20231115115342.0 | ||
| 008 | 231115s1989 ru ||||| |||| 00| 0 rus d | ||
| 020 | _a5244002740 | ||
| 041 | _arus | ||
| 080 | _a008((100)(09) +930.85(100) Д-73 | ||
| 245 |
_aДревние цивилизации/Ancient Civilizations / _cПод общей ред. Г.М. Бонгард-Левина. |
||
| 264 |
_aМосква : _bМысль, _c1989. |
||
| 300 |
_a480 стр.: _bил.; _c24 см. |
||
| 653 | _aუძველესი ცივილიზაციები | ||
| 700 |
_aБонгард-Левин, Г. М. _eრედაქტორი _920387 |
||
| 942 |
_2udc _cᲬᲘᲒᲜᲘ |
||